000 00487nam a2200181Ia 4500
008 090124s9999 xx 000 0 und d
082 _b2851
_a2052
100 _aओक वा.दा.
245 _a कवितासंग्रह
250 _a2
260 _c1924
300 _a308+48
600 _aओक वा.दा.
630 _a कवितासंग्रह
700 _aओक वा.दा.
730 _a कवितासंग्रह
942 _cBOOK
999 _c116796
_d116796